[Event "Cyprus op 1st"]
[Site "Larnaka"]
[Date "2019.10.25"]
[Round "1"]
[White "Kotronias, Vasilios"]
[Black "Ieshchenko, Uliana"]
[Result "1-0"]
[WhiteElo "2486"]
[BlackElo "1650"]
[PlyCount "97"]
[EventDate "2019.10.25"]
[EventType "swiss"]
[EventRounds "9"]
[EventCountry "CYP"]
[SourceTitle "CBM 192 Extra"]
[Source "Chessbase"]
[SourceDate "2019.11.06"]
[SourceVersion "1"]
[SourceVersionDate "2019.11.06"]
[SourceQuality "1"]

1. e4 d5 2. exd5 Qxd5 3. Nc3 Qd6 4. d4 Nf6 5. Nf3 a6 6. g3 Bg4 7. Bg2 e6 8. h3 Bh5 9. g4 Bg6 10. Ne5 Nd5 11. Nxg6 hxg6 12. Ne4 Qb6 13. 0-0 c6 14. c4 Nf6 15. Nc3 Be7 16. g5 Nh5 17. d5 exd5 18. cxd5 Qc7 19. dxc6 bxc6 20. Qf3 0-0 21. Be3 Qe5 22. Qe4 Nd7 23. Rad1 Qxe4 24. Bxe4 Ne5 25. b3 f5 26. gxf6 Nxf6 27. Bg2 Rac8 28. Bd4 Ned7 29. Rfe1 Bb4 30. Re6 c5 31. Bxf6 Nxf6 32. Nd5 Kh7 33. Rxa6 Nxd5 34. Bxd5 Rce8 35. Re6 Rxe6 36. Bxe6 Ra8 37. a4 Bc3 38. Rd7 Re8 39. Bc4 Re5 40. Rd5 Re1+ 41. Kg2 Bb4 42. Rd6 Bc3 43. Bd3 Bf6 44. a5 Ra1 45. a6 Ra2 46. Kf3 Kh6 47. Ke4 Rxf2 48. a7 Ra2 49. Ra6 1-0